Análisis de mercadeo para la introducción de mueble BiComfort en el distrito III de la ciudad de Managua

El presente estudio contiene el análisis de mercadeo para la introducción del mueble plegable BiComfort en el distrito III de la ciudad de Managua, este mueble está orientado a la optimización de los espacios, tomando en cuenta que se ha determinado que las personas sienten inconformidad en cuan...

Full description

Bibliographic Details
Main Author: Sánchez Sandigo, Nuvia Yolanda
Other Authors: Tutor: Huete Castillo, Manuel Enrique
Format: Tesis Section = Libro
Language:Undetermined
Spanish
Published: Managua UNI 2021
Subjects:
LEADER 01351nam a2200253Ia 4500
008 240830s9999 xx 000 0 und d
040 |a BIBLIOTECA-RUPAP/ Mon 658.83 S211 
041 |a spa 
082 |a Mon 658.83 S211 
100 1 |a Sánchez Sandigo, Nuvia Yolanda 
245 1 0 |a Análisis de mercadeo para la introducción de mueble BiComfort en el distrito III de la ciudad de Managua 
260 |a Managua  |b UNI  |c 2021 
300 |a 67 p.:il. 
500 |a Contiene: anexos y CD. 
502 |a Tesis (Ingeniero de Sistemas) - UNI, 2021. 
520 3 |a El presente estudio contiene el análisis de mercadeo para la introducción del mueble plegable BiComfort en el distrito III de la ciudad de Managua, este mueble está orientado a la optimización de los espacios, tomando en cuenta que se ha determinado que las personas sienten inconformidad en cuanto a las limitaciones de espacio en sus viviendas, este mueble tiene dos estados físicos, uno como sofá y el otro como litera, lo que contribuye a la optimización del espacio en los hogares; el documento está estructurado de la manera siguiente: 
650 7 |a MERCADO-INVESTIGACION 
650 7 |b  MERCADO-ANALISIS 
650 7 |c  MUEBLES-COMERCIO 
650 7 |d  PRECIOS-ANALISIS 
700 1 |a Tutor:  |b Huete Castillo, Manuel Enrique 
942 |c BK  |2 ddc 
991 |a Tesis 
999 |c 19172